| 000 | 01443cam a22004334i 4500 | ||
|---|---|---|---|
| 003 | PE-LiUPU | ||
| 005 | 20250731173232.0 | ||
| 008 | 150625s r 000 0 d | ||
| 035 | _a(Sirsi) a34704 | ||
| 040 |
_aPE-LiUPU _bspa _cPE-LiUPU _erda |
||
| 082 | 0 | 4 |
_a230.01 _bBHTF / 49 / D98 _221 |
| 100 | 1 |
_aDurrwell, François-Xavier, _d1912- , _eautor. |
|
| 245 | 1 | 3 |
_aLa Resurrección de Jesús Ministerio de Salvación / _cF. X. Durrwell. |
| 264 | 1 |
_aBarcelona : _bHerder, _c1979. |
|
| 300 |
_a320 páginas ; _c22 cm. |
||
| 336 |
_atext _2rdacontent |
||
| 337 |
_aunmediated _2rdamedia |
||
| 338 |
_avolume _2rdacarrier |
||
| 490 | 0 |
_aBiblioteca Herder: Sección de teología ; _v49 |
|
| 526 | _aSEG42 | ||
| 526 | _aSEG41 | ||
| 526 | _aSEG40 | ||
| 526 | _aSEG39 | ||
| 526 | _aP94 | ||
| 526 | _aP87 | ||
| 526 | _aP86 | ||
| 526 | _aP85 | ||
| 526 | _aP77 | ||
| 526 | _aP76 | ||
| 526 | _aP35 | ||
| 650 | 0 | 4 | _aResurrección de Jesús. |
| 700 | 1 |
_aLópez, J., _etraductor. |
|
| 910 | _a | ||
| 942 |
_2ddc _cBOOK |
||
| 949 |
_a230.01 BHTF / 49 / D98 _wDEWEY _c1 _i37091 _lCCODEBUL1 _mBUL _p00.00 _r0 _sY _tBOOK _u2015-06-25 _xBIBLIOTECA _zUNKNOWN _0COMPRA _o.STAFF. Colección General |
||
| 596 | _a1 | ||
| 999 |
_a230.01 BHTF / 49 / D98 _wDEWEY _c42590 _i37091 _f2021-11-11 _g6 _lCCODEBUL1 _mBUL _r0 _sY _tBOOK _u2015-6-25 _xTEOLOGIA _zUNKNOWN _0COMPRA _o.STAFF. Colección General _d42590 |
||
| 980 |
_81 _gALBERTO SANCHEZ Responsable de Automatización |
||